000 00557cam a2200193 4500
001 WB3616-60
008 000000n2000 000 0 eng u
035 _a(Sirsi) u105553
245 _aHow to keep your purchase price a secret
260 _c2000
490 _aSunday Telegraph
_vReview 23 April 2000, 19(1)
520 _aExamines how to prevent the Land Registry from publishing the price paid for your house.
590 _aWB
650 _aHM LAND REGISTRY
650 _aDISCLOSURE
650 _aPRICE PAID
690 _aPROPERTY
942 _n0
999 _c63245
_d63245